Analysis of structures : (Record no. 112163)
[ view plain ]
| 000 -LEADER | |
|---|---|
| fixed length control field | 00712nam a2200241 a 4500 |
| 008 - FIXED-LENGTH DATA ELEMENTS--GENERAL INFORMATION | |
| fixed length control field | |
| 049 ## - LOCAL HOLDINGS (OCLC) | |
| Holding library | MAIN |
| 090 ## - LOCALLY ASSIGNED LC-TYPE CALL NUMBER (OCLC); LOCAL CALL NUMBER (RLIN) | |
| Classification number (OCLC) (R) ; Classification number, CALL (RLIN) (NR) | TA645 |
| Local cutter number (OCLC) ; Book number/undivided call number, CALL (RLIN) | VAZ |
| 003 - CONTROL NUMBER IDENTIFIER | |
| control field | |
| 005 - DATE AND TIME OF LATEST TRANSACTION | |
| control field | 20230120203826.0 |
| 040 ## - CATALOGING SOURCE | |
| Transcribing agency | NUST |
| 100 ## - MAIN ENTRY--PERSONAL NAME | |
| Personal name | Vazirani, V. N. |
| 245 ## - TITLE STATEMENT | |
| Title | Analysis of structures : |
| Remainder of title | analysis, design and details of structures. |
| Number of part/section of a work | Vol. 1 / |
| Statement of responsibility, etc. | V. N. Vazirani, M.M. Ratwani. |
| 250 ## - EDITION STATEMENT | |
| Edition statement | 14th ed. |
| 260 ## - PUBLICATION, DISTRIBUTION, ETC. | |
| Place of publication, distribution, etc. | Delhi : |
| Name of publisher, distributor, etc. | Khanna, |
| Date of publication, distribution, etc. | 1991. |
| 500 ## - GENERAL NOTE | |
| General note | Includes bibliographical references. |
| 500 ## - GENERAL NOTE | |
| General note | Includes index. |
| 650 ## - SUBJECT ADDED ENTRY--TOPICAL TERM | |
| Topical term or geographic name entry element | Buildings. |
| 650 ## - SUBJECT ADDED ENTRY--TOPICAL TERM | |
| Topical term or geographic name entry element | Architecture - details. |
| 700 ## - ADDED ENTRY--PERSONAL NAME | |
| Personal name | Ratwani, M.M. |
| 907 ## - LOCAL DATA ELEMENT G, LDG (RLIN) | |
| a | .b1010429x |
| b | 16-02-12 |
| c | 16-12-03 |
| 942 ## - ADDED ENTRY ELEMENTS (KOHA) | |
| Koha item type | Ordinary Loan Books |
| Call number prefix | TA645 |
| Call number suffix | VAZ |
| Date last seen | Total Checkouts | Full call number | Barcode | Cost, replacement price | Price effective from | Koha item type | Lost status | Source of classification or shelving scheme | Damaged status | Not for loan | Collection | Withdrawn status | Home library | Current library | Shelving location | Date acquired | Cost, normal purchase price |
|---|---|---|---|---|---|---|---|---|---|---|---|---|---|---|---|---|---|
| 01/20/2023 | 38 | TA645 VAZ | 92003016386 | 80.00 | 01/20/2023 | BOOKS | LCC | NFIC | Medical | Medical | GEN | 01/20/2023 | 80.00 |